000 00475nas a22001697a 4500
999 _c162296
_d162296
005 20190309145123.0
006 a|||||r|||| 00| 0
007 ta
008 140904b xxu||||| |||| 00| 0 eng d
022 _a0975-2498
245 _aJindal global law review
260 _aNew Delhi
_bSpringer India
300 _av.
_c24 cm (Pbk)
310 _ahalf yearly
270 _a7th Floor,Vijaya Building,17,Barakhamba Road,
_bNew Delhi
_dIndia
_e110001
942 _2ddc
_cSR
_s1
_mJIN